000 00623nam a2200157 a 4500
008 080926s2006 ||||||||||||||||| || u
050 _aIBRD(08)PRWP
100 _aHesse, Heiko
245 1 0 _aMonetary policy, structural break, and the monetary transmission mechanism in Thailand
260 _aWashington, D.C.
_bWorld Bank
_c2006
300 _a24p.
350 _a0.00
490 _aWorld Bank policy research working papers
710 _aWorld Bank
995 _D0.00
_FCBU-MAIN LIBRARY (Kitwe)
_H1
_I0.00
_M4248
_UAVAILABLE
_WSep 26, 2008
_ZInternational Publications
999 _c51581
_d51581